Aquella guerra tan llunyana i tan propera : (1936-1939) : testimonis i records de la Guerra Civil a Catalunya / Pelai Pagès i Blanch, Alberto Pérez Puyal (1936-1939) :
ISBN:
84-9779-023-5
Descripción Física:
388 p., [32] p. de làm. : il., fot. ; 24 cm
Colección:
Guimet ; 69
Otros Autores:
Pérez Puyal, Alberto
MARC
| LEADER | 00000nam a2200000Ia 4500 | ||
|---|---|---|---|
| 001 | 15375 | ||
| 008 | 160829s2003 xx 000 0 cat d | ||
| 020 | |a 84-9779-023-5 (Pagès) ; 84-7794-931-X (Diputació de Barcelona) | ||
| 080 | |a H-2-215 | ||
| 100 | 1 | |a Pagès, Pelai, |d 1949- |9 20255 | |
| 245 | |a Aquella guerra tan llunyana i tan propera : |b (1936-1939) : |b testimonis i records de la Guerra Civil a Catalunya / Pelai Pagès i Blanch, Alberto Pérez Puyal | ||
| 260 | |a Lleida : |b Pagès ; Barcelona : |b Diputació de Barcelona, |c 2003 | ||
| 300 | |a 388 p., [32] p. de làm. : |b il., fot. ; |c 24 cm | ||
| 490 | |a Guimet ; 69 | ||
| 590 | |a Bibliografia. | ||
| 590 | |a Biografia dels entrevistats | ||
| 651 | 0 | |a Catalunya |x Història |y 1936-1939, Guerra Civil |v Relats personals |9 55642 | |
| 700 | |a Pérez Puyal, Alberto |9 35207 | ||
| 710 | 1 | |a Barcelona (Catalunya : Província). |b Diputació |9 52408 | |
| 901 | |a Arxiu | ||
| 942 | |n 1 | ||
| 952 | |0 0 |1 0 |4 0 |6 H2215 |7 1 |9 46811 |a Arxiu |b Arxiu |d 2016-12-01 |l 0 |o H-2-215 |p 15375 |r 2016-12-01 00:00:00 |w 2016-12-01 |y ARXIU | ||
| 999 | |c 50604 |d 50604 | ||